Countries from Country Codes - Statistics

General Stats
  • This quiz has been taken 30 times
  • The average score is 46 of 249
Answer Stats
Country Code Country/Territory % Correct
MX Mexico
84%
FJ Fiji
76%
AU Australia
72%
VE Venezuela
72%
EG Egypt
68%
HT Haiti
68%
JP Japan
64%
UZ Uzbekistan
64%
UG Uganda
60%
US United States
60%
AZ Azerbaijan
56%
CZ Czech Republic
52%
GY Guyana
52%
PH Philippines
52%
QA Qatar
52%
RU Russia
52%
BE Belgium
48%
MZ Mozambique
48%
NG Nigeria
48%
GB United Kingdom
48%
BZ Belize
44%
FR France
44%
IT Italy
44%
KE Kenya
44%
TV Tuvalu
44%
CY Cyprus
40%
IR Iran
40%
NO Norway
40%
PL Poland
40%
PT Portugal
40%
TJ Tajikistan
40%
TZ Tanzania
40%
TN Tunisia
40%
UY Uruguay
40%
YE Yemen
40%
ZM Zambia
40%
BH Bahrain
36%
DK Denmark
36%
ET Ethiopia
36%
IS Iceland
36%
IE Ireland
36%
JO Jordan
36%
KZ Kazakhstan
36%
LT Lithuania
36%
NZ New Zealand
36%
OM Oman
36%
RW Rwanda
36%
SK Slovakia
36%
ES Spain
36%
SR Suriname
36%
VU Vanuatu
36%
ZW Zimbabwe
36%
BO Bolivia
32%
DJ Djibouti
32%
EC Ecuador
32%
DE Germany
32%
HU Hungary
32%
LV Latvia
32%
LU Luxembourg
32%
NL Netherlands
32%
PR Puerto Rico
32%
RO Romania
32%
SO Somalia
32%
SY Syria
32%
CO Colombia
28%
CR Costa Rica
28%
CU Cuba
28%
DO Dominican Republic
28%
GE Georgia
28%
KI Kiribati
28%
MY Malaysia
28%
PY Paraguay
28%
PE Peru
28%
TH Thailand
28%
AF Afghanistan
24%
AL Albania
24%
AR Argentina
24%
CA Canada
24%
ER Eritrea
24%
GH Ghana
24%
HK Hong Kong
24%
IN India
24%
IQ Iraq
24%
JM Jamaica
24%
MW Malawi
24%
NP Nepal
24%
PA Panama
24%
SM San Marino
24%
TT Trinidad and Tobago
24%
VN Vietnam
24%
BD Bangladesh
20%
BR Brazil
20%
BF Burkina Faso
20%
CL Chile
20%
CN China
20%
DM Dominica
20%
EE Estonia
20%
FI Finland
20%
KW Kuwait
20%
LB Lebanon
20%
NR Nauru
20%
PK Pakistan
20%
PG Papua New Guinea
20%
TO Tonga
20%
AM Armenia
16%
BW Botswana
16%
CM Cameroon
16%
HR Croatia
16%
GF French Guiana
16%
GA Gabon
16%
GR Greece
16%
HN Honduras
16%
ID Indonesia
16%
IL Israel
16%
KG Kyrgyzstan
16%
MM Myanmar
16%
TW Taiwan
16%
AE United Arab Emirates
16%
AD Andorra
12%
AG Antigua and Barbuda
12%
AT Austria
12%
BS Bahamas
12%
BB Barbados
12%
BT Bhutan
12%
BG Bulgaria
12%
KH Cambodia
12%
GM Gambia
12%
GN Guinea
12%
LA Laos
12%
LS Lesotho
12%
LY Libya
12%
MR Mauritania
12%
NA Namibia
12%
NI Nicaragua
12%
MK North Macedonia
12%
ST São Tomé and Príncipe
12%
RS Serbia
12%
ZA South Africa
12%
SE Sweden
12%
CH Switzerland
12%
TG Togo
12%
VA Vatican City andthe Holy See
12%
DZ Algeria
8%
AS American Samoa
8%
AO Angola
8%
BN Brunei
8%
CF Central African Republic
8%
CK Cook Islands
8%
SZ Eswatini
8%
GI Gibraltar
8%
GU Guam
8%
LI Liechtenstein
8%
FM Micronesia
8%
MD Moldova
8%
MC Monaco
8%
NC New Caledonia
8%
LC Saint Lucia
8%
SG Singapore
8%
SS South Sudan
8%
SD Sudan
8%
TK Tokelau
8%
UA Ukraine
8%
VI US Virgin Islands
8%
BY Belarus
4%
BM Bermuda
4%
IO British IndianOcean Territory
4%
VG British Virgin Islands
4%
CV Cabo Verde
4%
KY Cayman Islands
4%
TD Chad
4%
CX Christmas Island
4%
CD Democratic Republicof the Congo
4%
SV El Salvador
4%
GQ Equatorial Guinea
4%
FO Faroe Islands
4%
GD Grenada
4%
GP Guadeloupe
4%
GT Guatemala
4%
GW Guinea-Bissau
4%
IM Isle of Man
4%
JE Jersey
4%
LR Liberia
4%
MG Madagascar
4%
MV Maldives
4%
MT Malta
4%
MA Morocco
4%
NE Niger
4%
NU Niue
4%
PN Pitcairn
4%
RE Réunion
4%
BL Saint Barthélemy
4%
KN Saint Kitts and Nevis
4%
MF Saint Martin
4%
VC Saint Vincent andthe Grenadines
4%
SA Saudi Arabia
4%
SN Senegal
4%
SC Seychelles
4%
SL Sierra Leone
4%
SX Sint Maarten
4%
KR South Korea
4%
UM US MinorOutlying Islands
4%
AX Åland Islands
0%
AI Anguilla
0%
AQ Antarctica
0%
AW Aruba
0%
BJ Benin
0%
BQ Bonaire, Sint Eustatius,and Saba
0%
BA Bosnia and Herzegovina
0%
BV Bouvet Island
0%
BI Burundi
0%
CC Cocos (Keeling) Islands
0%
KM Comoros
0%
CI Côte d'Ivoire
0%
CW Curaçao
0%
FK Falkland Islands
0%
PF French Polynesia
0%
TF French Southern Territories
0%
GL Greenland
0%
GG Guernsey
0%
HM Heard Island andMcDonald Islands
0%
MO Macao
0%
ML Mali
0%
MH Marshall Islands
0%
MQ Martinique
0%
MU Mauritius
0%
YT Mayotte
0%
MN Mongolia
0%
ME Montenegro
0%
MS Montserrat
0%
NF Norfolk Island
0%
MP Northern Mariana Islands
0%
KP North Korea
0%
PW Palau
0%
PS Palestine
0%
CG Republic of the Congo
0%
SH Saint Helena, Ascension, and Tristan da Cunha
0%
PM Saint Pierre andMiquelon
0%
WS Samoa
0%
SI Slovenia
0%
SB Solomon Islands
0%
GS South Georgia and the South Sandwich Islands
0%
LK Sri Lanka
0%
SJ Svalbard and Jan Mayen
0%
TL Timor-Leste
0%
TR Turkey
0%
TM Turkmenistan
0%
TC Turks and Caicos
0%
WF Wallis and Futuna
0%
EH Western Sahara
0%
No matching quizzes found
Score Distribution
Percent of People with Each Score
Percentile by Number Answered
Your Score History
You have not taken this quiz